| 000 | 02129nam a2200253Ia 4500 | ||
|---|---|---|---|
| 003 | Ost | ||
| 005 | 20260507075227.0 | ||
| 008 | 260507s9999||||xx |||||||||||||| ||und|| | ||
| 040 | _cfsecg | ||
| 041 | _aara | ||
| 082 | _a330 | ||
| 100 |
_aالحلاق، سعيد سامي _eمؤلف |
||
| 245 | 0 |
_aالنقود و البنوك و المصارف المركزية / _c سعيد سامي الحلاق |
|
| 260 |
_aعمان: _bدار اليازوري, _c2010 |
||
| 300 |
_a322 صفحة؛ _bإيضاحات ؛ _c24 سم |
||
| 504 | _aمراجع ص.319. | ||
| 520 | _aتطور النقود و انواعها ووظائفها و أهميتها الاقتصادية ، النظم النقدية ، المصاريف التجارية و خلق الودائع ، الاسواق النقدية و المالية و ادواتها ، النظرية النقدية الكلاسيكية ، و النظرية الكينزية ، النظرية بعد الكينزية ، النقود في اطار النظرية النقدية ، النظريات النقدية المعاصرة ، ماهية المصرف المركزي و نشأته ، البنوك المركزية و اصدار العملة ، البنك المركزي و الرقابة على الائتمان ، الوظائف الاخرى للبنوك المركزية ، طبيعة التضخم و أنواعه و قياسه ، مدارس و نظريات التضخم ، آثار التضخم و مخاطره ، معالجة التضخم ، السياسة النقدية و النشاط الاقتصادي ، وسائل السياسة التقدية ، السياسة المالية ، تنسيق السياسة النقدية و السياسة المالية ، سعر الصرف الاجنبي، سعر الصرف و ميزان المدفوعات ، سعر الصرف ، ميزان المدفوعات و الدخل القومي . | ||
| 653 | _aالأسواق المالية | ||
| 653 | _aالبنوك | ||
| 653 | _aالمصارف المركزية | ||
| 653 | _aالنقود | ||
| 700 |
_aالعجلوني، محمد محمود _eمؤلف ثانوي |
||
| 942 | _cكتاب | ||
| 999 |
_c43546 _d43546 |
||